01125nam a2200277 a 4500001000900000005001700009008004100026020001500067041001100082050002400093100003200117245012600149260005800275300003100333440003200364500003900396500011600435500006700551504002700618546003600645650003100681650002700712650004200739700003500781700003100816BRCA_74120190320203129.0980610s1998 mx-a---##b---#000-0#eng-u a968653363X aengspa 4aNK844b.U86 6c19981 aCastelló Yturbide, Teresa10aLa chaquira en MéxicocTeresa Castelló Yturbide, Carlotta Mapelli Mozzi ; introducción Alfonso de María y Campos. aMéxicobMuseo Franz Mayer : Artes de Méxicoc1998 a72 p.bil. a colorc23 cm. 0aColección Uso y estilov6 aEl ejemplar 2 incluye invitación aCatálogo de la exposición realizada en el Museo Franz Mayer (Ciudad de México), 30 abril - 12 julio, 1998 a2 ejemplares en Biblioteca y 1 en el Área de Investigación aBibliografía : p. 59 aTexto en : inglés y español14aBordado en granozMéxico14aIndumentariazMéxico14aIndígenas de MéxicoxIndumentaria1 aMapelli Mozzi Parodi, Carlotta1 aMaria y Campos, Alfonso de